<?xml version="1.0" encoding="UTF-8"?><?xml-stylesheet type="text/xsl" href="static/style.xsl"?><OAI-PMH xmlns="http://www.openarchives.org/OAI/2.0/" xmlns:xsi="http://www.w3.org/2001/XMLSchema-instance" xsi:schemaLocation="http://www.openarchives.org/OAI/2.0/ http://www.openarchives.org/OAI/2.0/OAI-PMH.xsd"><responseDate>2026-04-13T01:06:57Z</responseDate><request verb="GetRecord" identifier="oai:www.recercat.cat:10459.1/62665" metadataPrefix="marc">https://recercat.cat/oai/request</request><GetRecord><record><header><identifier>oai:recercat.cat:10459.1/62665</identifier><datestamp>2024-12-05T21:29:55Z</datestamp><setSpec>com_2072_3622</setSpec><setSpec>col_2072_479130</setSpec></header><metadata><record xmlns="http://www.loc.gov/MARC21/slim" xmlns:dcterms="http://purl.org/dc/terms/" xmlns:xsi="http://www.w3.org/2001/XMLSchema-instance" xmlns:doc="http://www.lyncode.com/xoai" xsi:schemaLocation="http://www.loc.gov/MARC21/slim http://www.loc.gov/standards/marcxml/schema/MARC21slim.xsd">
   <leader>00925njm 22002777a 4500</leader>
   <datafield ind2=" " ind1=" " tag="042">
      <subfield code="a">dc</subfield>
   </datafield>
   <datafield ind2=" " ind1=" " tag="720">
      <subfield code="a">Guilera Lladós, Teresa</subfield>
      <subfield code="e">author</subfield>
   </datafield>
   <datafield ind2=" " ind1=" " tag="720">
      <subfield code="a">Batalla, Iolanda</subfield>
      <subfield code="e">author</subfield>
   </datafield>
   <datafield ind2=" " ind1=" " tag="720">
      <subfield code="a">Soler González, Jorge</subfield>
      <subfield code="e">author</subfield>
   </datafield>
   <datafield ind2=" " ind1=" " tag="260">
      <subfield code="c">2018-02-16T08:59:07Z</subfield>
   </datafield>
   <datafield ind2=" " ind1=" " tag="260">
      <subfield code="c">2018-02-16T08:59:07Z</subfield>
   </datafield>
   <datafield ind2=" " ind1=" " tag="260">
      <subfield code="c">2017</subfield>
   </datafield>
   <datafield ind2=" " ind1=" " tag="520">
      <subfield code="a">Objetivo. Identifi car las emociones que experimentan los estudiantes de medicina en el contexto de deprivación sensorial&#xd;
para mejorar la empatía.&#xd;
Sujetos y métodos. Se presenta el programa del taller (deprivación visual, auditiva y discapacidad física). Se identifi can y&#xd;
se miden las emociones mediante la escala Self-Assessment Manikin, y se mide la empatía médica mediante la escala de&#xd;
empatía médica de Jeff erson.&#xd;
Resultados y conclusiones. La deprivación sensorial permite experimentar diferentes tipos de emociones. Identifi carlas&#xd;
permite al estudiante de medicina ser más sensible a las personas con discapacidad y aumentar la empatía.</subfield>
   </datafield>
   <datafield ind2=" " ind1=" " tag="520">
      <subfield code="a">Aim. To identify emotions experienced by medical students in a workshop of sensory deprivation to enhance empathy.&#xd;
Subjects and methods. The workshop program (visual deprivation, auditory deprivation and physical disabilities) is presented.&#xd;
Emotions are identifi ed and measured by Self-Assessment Manikin scale. Medical empathy is measured by Jeff erson Scale&#xd;
of Physician Empathy.&#xd;
Results and conclusions. Sensory deprivation can experience diff erent types of emotions. Identify them allows medical&#xd;
students to be more sensitive to people with disabilities and increase empathy.</subfield>
   </datafield>
   <datafield ind1="8" ind2=" " tag="024">
      <subfield code="a">http://hdl.handle.net/10459.1/62665</subfield>
   </datafield>
   <datafield tag="653" ind2=" " ind1=" ">
      <subfield code="a">Educación médica</subfield>
   </datafield>
   <datafield tag="653" ind2=" " ind1=" ">
      <subfield code="a">Emociones</subfield>
   </datafield>
   <datafield tag="653" ind2=" " ind1=" ">
      <subfield code="a">Empatía</subfield>
   </datafield>
   <datafield tag="653" ind2=" " ind1=" ">
      <subfield code="a">Estudiantes de medicina</subfield>
   </datafield>
   <datafield tag="653" ind2=" " ind1=" ">
      <subfield code="a">Emotions</subfield>
   </datafield>
   <datafield tag="653" ind2=" " ind1=" ">
      <subfield code="a">Empathy</subfield>
   </datafield>
   <datafield tag="653" ind2=" " ind1=" ">
      <subfield code="a">Medical education</subfield>
   </datafield>
   <datafield tag="653" ind2=" " ind1=" ">
      <subfield code="a">Medical students</subfield>
   </datafield>
   <datafield ind2="0" ind1="0" tag="245">
      <subfield code="a">Experimentar empatía en estudiantes de medicina: deprivación sensorial</subfield>
   </datafield>
</record></metadata></record></GetRecord></OAI-PMH>